| 000 | 00435nam a2200169 a 4500 | ||
|---|---|---|---|
| 001 | 0638 | ||
| 005 | 20140414131852.0 | ||
| 008 | 040202s19uu xx 00 eng d | ||
| 050 |
_aM 620.1'1 _bE88 1993 |
||
| 100 | _aEvans, David | ||
| 245 | _aBuilding things. | ||
| 260 |
_aLondon : _bDorling Kindersley, _c1993. |
||
| 300 | _a29 | ||
| 440 | _aLet's explore science | ||
| 650 |
_aMaterials- _xJuvenile literature. |
||
| 999 |
_c110246 _d110246 |
||